• Flores Sellés, Cándido

di Personal Name

Records bibliografici associati: 1

001 - CONTROL NUMBER

  • control field: 67821

003 - CONTROL NUMBER IDENTIFIER

  • control field: IT-RoINE

005 - DATE AND TIME OF LATEST TRANSACTION

  • control field: 20200619090642.0

008 - FIXED-LENGTH DATA ELEMENTS

  • fixed length control field: 200619|| aca||aabn | a|a d

040 ## - CATALOGING SOURCE

  • Original cataloging agency: IT-RoINE
  • Transcribing agency: IT-RoINE

100 ## - HEADING--PERSONAL NAME

  • Personal name: Flores Sellés, Cándido

670 ## - SOURCE DATA FOUND

  • Source citation: Work cat.: (IT-RoINE)0: Agustín, Antonio, 1517-1586 67818, Alveolus (manuscrito escurialense S-II-18) /, 1982.